| 000 | 00386 a2200133 4500 | ||
|---|---|---|---|
| 999 |
_c327484 _d327484 |
||
| 001 | 92411 | ||
| 003 | NUST | ||
| 005 | 20180120150847.0 | ||
| 008 | 180120b xxu||||| |||| 00| 0 eng d | ||
| 082 | _a620.2028553 HOW | ||
| 100 |
_aCarl Q Howard; Benjamin S Cazzolato _99263 |
||
| 245 | _aAcoustic Analyses Using MATLAB and ANSYS | ||
| 260 |
_aNew York _bCRC Taylor and Francis Group _c2015 |
||
| 300 | _axxxvii, 670p. | ||
| 500 | _aTechnical Books | ||
| 942 |
_aCAE NUST _cBK _k620.2028553 HOW _2ddc |
||